000 00725nam a2200193 a 4500
003 0
005 20250320124641.0
008 090507s19uu xx uuu eng d
050 _aPHS BF 723.S43
_b.Sh1 2008
100 _aShindo, Sarah Natsuko B.
245 _aAssociation between sibling rivalry and age gaps /
_cSarah Natsuko B. Shindo.
260 _aLas PiƱas City, Philippines :
_bSouthville International School and Colleges,
_c2008.
300 _a26 pages :
_billustrations ;
_c29 cm.
504 _aIncludes bibliographical references.
650 _aSibling rivalry
_xPsychological aspects.
650 _aSibling relationships
_xSocial aspects.
650 _aBrothers and sisters
_xAge differences.
942 _2lcc
_cPASS
999 _c98147
_d98147